| 000 | 01294cam a2200349 a 4500 | ||
|---|---|---|---|
| 003 | CHAP | ||
| 005 | 20220329142343.0 | ||
| 008 | 000914d1997 us r 10100 eng d | ||
| 010 | _a82245 | ||
| 011 | _a83217 | ||
| 020 | _a0306460262 | ||
| 035 | _a93728 | ||
| 040 | _cCHAP | ||
| 082 | 0 | 4 |
_a628 _bP3 |
| 100 | 0 | 0 |
_aPawloski, Lucjan _eed. _986316 |
| 245 | 1 | 0 |
_aChemistry for the protection of the enviroment 3 : _bproceedings _c/ed. by lucjan Pawloski [and others] |
| 260 |
_aNew York, N.Y. : _bPlenum Press, _c1998.. |
||
| 300 |
_a344 p. : _bgráfs. |
||
| 490 | 0 |
_aEnvironmental science research _vv.55 |
|
| 590 |
_aBATCH-UPD _b10 _c20130110 _lUCH01 _h0654 |
||
| 590 |
_aBATCH-UPD _b10 _c20130410 _lUCH01 _h0339 |
||
| 590 |
_aBATCH-UPD _b10 _c20130914 _lUCH01 _h1556 |
||
| 590 |
_aCONVERSION _b10 _c20130109 _lUCH01 _h1346 |
||
| 650 | 1 | 4 |
_aIngeniería ambiental _xCongresos. _958208 |
| 650 | 1 | 4 |
_aMedio ambiente _xInvestigación _xCongresos. _974094 |
| 711 | 0 |
_aInternational Conference on Chemistry for the Protection of the environment _d(11 : 1997 : _cCairo, Egypt) _959604 |
|
| 830 | 0 |
_aEnvironmental science research _vv.55 _937187 |
|
| 901 | _aBK | ||
| 905 | _aMayto Villalobos S. | ||
| 942 | _cLIBRO | ||
| 949 |
_a628 P3 _bBC _cLIBRO _d33724000794376 _eLIBRO _gI.205559 _h97927 _i93728 _si _t$1.358.00 |
||
| 999 |
_c82245 _d82245 |
||